000
00287 a2200133 4500
001
79407
082
_a
928.91439 RIA
090
_c
39601
_d
39601
100
_a
Riaz Ahmed
245
_a
Waqas Ali Waqas
_h
Urdu
250
_a
1
260
_a
Lahore
_b
saleem Riaz
_c
1994
300
_a
208
942
_a
caenust
_k
928.91439 RIA
999
_c
314480
_d
314480